Best U.S. Hospitals - Statistics

General Stats
  • This quiz has been taken 22 times
  • The average score is 8 of 15
Answer Stats
Ranking State Hospital % Correct
3 Maryland The Johns Hopkins Hospital
95%
13 Florida Mayo Clinic - Jacksonville
89%
1 Minnesota Mayo Clinic - Rochester
89%
2 Ohio Cleveland Clinic
74%
5 California Ronald Reagan UCLA Medical Center
63%
14 North Carolina Duke University Hospital
53%
12 Michigan University of Michigan Health
47%
15 Pennsylvania Hospital of the University of Pennsylvania
42%
10 Illinois Northwestern Memorial Hospital
42%
4 Massachusetts Massachusetts General Hospital
37%
6 California Stanford Health Care - Stanford Hospital
37%
7 New York The Mount Sinai Hospital
32%
8 Massachusetts Brigham and Women's Hospital
26%
11 California UCSF Medical Center
26%
9 California Cedars-Sinai Medical Center
21%
No matching quizzes found
Score Distribution
Percent of People with Each Score
Percentile by Number Answered
Your Score History
You have not taken this quiz